000 00938cab a2200301 4500
001 ABS59306
008 090401t1998 xxu||||| |||| 00| 0 eng d
035 _a(Sirsi) u88669
041 _aeng
100 _aNunn, D.
245 _aBuilding in the slow lane
260 _c1998
350 _a0
490 _aContract Journal
_v395(6192) 9 September 1998, 14-19(6)
520 _aDiscusses the effect on housebuilders of the drop in share prices. Includes views from a contractor, Kier Group, and a subcontractor on the effect on housebuilders` plans for expansion.
650 _aCONTRACTORS
650 _aHOUSE PRICES
650 _aHOUSE BUILDERS
650 _aKIER GROUP
650 _aLAND PRICES
650 _aSHARE PRICES
650 _aSUBCONTRACTORS
690 _aPROPERTY-RESIDENTIAL PROPERTY-RESIDENTIAL PROPERTY MARKET
700 _aGordon, M,
700 _aReynolds, P,
942 _n0
948 _c25/09/1998
999 _c56056
_d56056